书目信息 |
| 题名: |
天使百人会成长印记
|
|
| 作者: | 胡雪琴 著 | |
| 分册: | ||
| 出版信息: | 北京 电子工业出版社 2017 |
|
| 页数: | 12,172页 | |
| 开本: | 24cm | |
| 丛书名: | 天使百人会系列丛书 | |
| 单 册: | ||
| 中图分类: | F832.48 | |
| 科图分类: | ||
| 主题词: | 创业投资--chuang ye tou zi--中国 | |
| 电子资源: | ||
| ISBN: | 978-7-121-30460-6 | |
| 000 | 01042nam0 22002771 450 | |
| 001 | 0118172221 | |
| 005 | 20170618172221.0 | |
| 010 | @a978-7-121-30460-6@dCNY59.00 | |
| 100 | @a20170216d2017 em y0chiy50 ea | |
| 101 | 0 | @achi |
| 102 | @aCN@b110000 | |
| 105 | @aa z 000yy | |
| 106 | @ar | |
| 200 | 1 | @a天使百人会成长印记@Atian shi bai ren hui cheng chang yin ji@e拥抱中国天使投资人@f胡雪琴[等]著 |
| 210 | @a北京@c电子工业出版社@d2017 | |
| 215 | @a12,172页@c彩照@d24cm | |
| 225 | 2 | @a天使百人会系列丛书@Atian shi bai ren hui xi lie cong shu@v2 |
| 304 | @a著者还有:周洛宏、乔迁、曲敬东、汤旭东、刘小鹰等 | |
| 330 | @a本书记载2016年天使百人会的成长历程,更加深入地反映中国天使投资人的思考和实践,推动中国“双创”事业的健康发展。 | |
| 461 | 0 | @12001 @a天使百人会系列丛书 |
| 517 | 1 | @a拥抱中国天使投资人@Ayong bao zhong guo tian shi tou zi ren |
| 606 | 0 | @a创业投资@Achuang ye tou zi@y中国 |
| 690 | @aF832.48@v5 | |
| 701 | 0 | @a胡雪琴@Ahu xue qin@4著 |
| 801 | 0 | @aCN@bTANGWEI@c20170615 |
| 905 | @b1008813-8@dF832.48@e155@f6 | |
| 天使百人会成长印记:拥抱中国天使投资人/胡雪琴[等]著 .-北京:电子工业出版社,2017 |
| 12,172页:彩照;24cm.-(天使百人会系列丛书;2) |
| ISBN 978-7-121-30460-6:CNY59.00 |
| 本书记载2016年天使百人会的成长历程,更加深入地反映中国天使投资人的思考和实践,推动中国“双创”事业的健康发展。 |
| ● |
| 相关链接 |
|
|
|
|
正题名:天使百人会成长印记
索取号:F832.48/155
 
预约/预借
| 序号 | 登录号 | 条形码 | 馆藏地/架位号 | 状态 | 备注 |
| 1 | 1008813 | 210088135 | 第一样本阅览室/ [索取号:F832.48/155] | 在馆 | |
| 2 | 1008814 | 210088144 | 教育系资料室/ [索取号:F832.48/155] | 在馆 | |
| 3 | 1008815 | 210088153 | 教育系资料室/ [索取号:F832.48/155] | 在馆 | |
| 4 | 1008816 | 210088162 | 教育系资料室/ [索取号:F832.48/155] | 在馆 | |
| 5 | 1008817 | 210088171 | 第一借阅区/ [索取号:F832.48/155] | 在馆 | |
| 6 | 1008818 | 210088180 | 第一借阅区/ [索取号:F832.48/155] | 在馆 |